=LDR 00000nam 2200000 4500 =001 INLIS000000000053524 =005 20181019024203 =035 ##$$a 0010-1018000139 =245 1#$$a MEREKA YANG BERANI BERMIMPI : $b 24 Cerita Tentang Mereka yang Berani Bermimpi dan Tak Kenal Menyerah Mewujudkannya Demi Perbaikan Nasib Bersama /$c MEREKA YANG BERANI BERMIMPI =100 #$$a MEREKA YANG BERANI BERMIMPI =250 ##$$a Ed. 1 =300 ##$$a 171 hlm : $b Ilus ; $c 20x28 cm =260 ##$$a Jakarta :$b Bank Indonesia,$c 2009 =082 ##$$a 153.2 =084 ##$$a 153.2 MER m =650 ##$$a Inspirasi